| 000 | 00418cam a22001337a 4500 | ||
|---|---|---|---|
| 008 | 180718b1964 xxu||||| |||| 00| 0 eng d | ||
| 082 | _aB235 M199 | ||
| 100 | _aMcKenzie, Kermit E. | ||
| 245 |
_aComintern and world revolution, 1928-1943: the shaping of doctrine _cby Kermit E. McKenzie |
||
| 260 |
_aLondon _bColumbia University Press _c1964 |
||
| 300 | _a368p. | ||
| 500 | _a$6.50 | ||
| 650 | _aCommunist International. | ||
| 999 |
_c373076 _d373076 |
||